NÁSLEDNÉ STAVY PO VÍRUSOVEJ HEPATITÍDE

Podrobná bibliografia
Hlavní autori: Červenka, Juraj, 1918-2001 (Autor), Zacharová, M. (Autor), Ottis, V. (Autor)
Médium: Článok
Jazyk:slovenčina
Predmet:

MARC

LEADER 00000nab a2200000ua 4500
001 vtls010779326
003 SK-MaSNL
005 20260303123437.0
008 230214s1975 xo |||||||||||||||||slo|
035 |a (urnnbn)urn:nbn:sk:snk:ar-a03jl2 
035 |a (uuid)f9442769-8fed-4d8c-9ed6-e16942d8791a 
035 |a urn:nbn:sk:snk-ab5bh2 
040 |a SNKBUCL  |b slo  |c SNKBUCL  |e AACR2 
041 0 |a slo 
044 |a xo  |c SK 
100 1 |a Červenka, Juraj,  |d 1918-2001  |4 aut  |9 157560 
245 1 0 |a NÁSLEDNÉ STAVY PO VÍRUSOVEJ HEPATITÍDE  |c J. Červenka, M. Zacharová, V. Ottis 
650 0 7 |a vírusová hepatitída  |2 SNKPH  |9 92387 
700 1 |a Zacharová, M.  |4 aut  |9 922595 
700 1 |a Ottis, V.  |4 aut  |9 1120292 
773 0 |t Bratislavské lekárske listy  |g Roč. 63, č. 4 (1975), s. 482-488 
954 |a odborná, vedecká literatúra pôvodná (slovenská)  |2 lita 
958 |a OND 
958 |a EUIPO 
958 |a article3 
999 |c 1926028  |d 1927958